000 00676cam a22002294a 4500
001 13476883
005 20180201031546.0
008 040202s2005 mau b 000 0 eng
010 _a 2004043665
040 _aDLC
_cDLC
_dDLC
041 _aeng
042 _apcc
080 _a370.72
082 0 0 _a370.72 JOH
_222
100 1 _a46
101 _aEDU
245 1 2 _aA short guide to action research /
_cAndrew P. Johnson.
504 _aIncludes bibliographical references.
906 _a7
_bcbc
_corignew
_d1
_eocip
_f20
_gy-gencatlg
942 _2ddc
_cBK
999 _c41428
_d41428